000 00454nam a22001577a 4500
999 _c160103
_d160103
005 20190115121217.0
010 _aB-163368
035 _aB-163368
037 _bHarper Collins Publishers
082 _a921
100 _aSarabhai, Mrinalini
245 _aThe Voice of heart:
_bAn autobiography
_cMrinalini Sarabhai
260 _aNew Delhi
_bHarperCollins Publishers
_c2004
300 _a315p.
_c23cm(hbk)
942 _2ddc
_cEN
_h921
_mSAR